| 000 | 01361cam a22003737a 4500 | ||
|---|---|---|---|
| 003 | CHAP | ||
| 005 | 20220329140838.0 | ||
| 008 | 971013s1995 r 00010 d | ||
| 010 | _a58512 | ||
| 011 | _a59484 | ||
| 035 | _a63642 | ||
| 040 | _cCHAP | ||
| 090 | _aTesis | ||
| 100 | 0 | 0 |
_aPedraza Espinoza, María Magdalena. _986536 |
| 245 | 0 | _aAnálisis de la comercialización de ganado ovino (Ovis aries) en los Mpios. de Texcoco y Chiconcuac, Edo. de México | |
| 260 |
_aChapingo, Méx. : _bEl autor, _c1995 |
||
| 300 | _a46 h. | ||
| 500 | _aEn bodega c4 | ||
| 502 | _aTesis (Ing. Agr. Esp. en Economía Agrícola) -- UACH. Departamento de Economía Agrícola | ||
| 590 |
_aALEPH _b10 _c20130110 _lUCH01 _h1336 |
||
| 590 |
_aBATCH-UPD _b10 _c20130110 _lUCH01 _h0504 |
||
| 590 |
_aBATCH-UPD _b10 _c20130110 _lUCH01 _h2359 |
||
| 590 |
_aBATCH-UPD _b10 _c20130410 _lUCH01 _h0142 |
||
| 590 |
_aBATCH-UPD _b10 _c20130410 _lUCH01 _h1645 |
||
| 590 |
_aBATCH-UPD _b10 _c20130914 _lUCH01 _h1514 |
||
| 590 |
_aCONVERSION _b10 _c20130109 _lUCH01 _h1331 |
||
| 650 | 1 | 4 |
_aGanado lanar _xMercadeo. _945195 |
| 650 | 1 | 4 |
_aGanado lanar _xMéxico (Edo.) _945200 |
| 901 | _aBK | ||
| 942 | _cFOLL | ||
| 949 |
_bBC _cTES _d-136951 _eTS1 _h28574 _i63642 _si |
||
| 949 |
_bBC _cTES _d33724000079364 _eTS2 _fc.2 _h28575 _i63642 _si |
||
| 949 |
_bBC _cTES _d33724000168472 _eTS2 _fc.3 _h30390 _i63642 _si |
||
| 999 |
_c58512 _d58512 |
||